[Event "United States Championship 2006"]
[Site "San Diego USA"]
[Date "2006.03.02"]
[Round "1"]
[White "Perelshteyn, E."]
[Black "Abrahamyan, T."]
[Result "1-0"]
[WhiteElo "2614"]
[BlackElo "2325"]
[PlyCount "147"]
[EventDate "2006.??.??"]

1. e4 e6 2. d4 d5 3. Nc3 Bb4 4. e5 Ne7 5. Bd2 b6 6. Nb5 Bxd2+ 7. Qxd2 Ba6 8.
Qc3 Bxb5 9. Bxb5+ c6 10. Bd3 Nd7 11. Qd2 c5 12. c3 O-O 13. Nf3 f6 14. exf6 Rxf6
15. O-O-O c4 16. Bc2 b5 17. Rde1 a5 18. Bxh7+ Kxh7 19. Ng5+ Kg8 20. Nxe6 Qb6
21. Nxg7 Ng6 22. Nh5 Rf7 23. Qg5 Ndf8 24. Re2 b4 25. Qxd5 Rd8 26. Qxc4 bxc3 27.
bxc3 Rb8 28. Kc2 Qb2+ 29. Kd3 Qb7 30. f3 Rc8 31. Qb3 Qa6+ 32. Kd2 a4 33. Qd5
Rb8 34. Rhe1 Rb5 35. Qc4 Qb7 36. Nf6+ Kh8 37. Ne4 Nf4 38. Rf2 Rb2+ 39. Ke3
Nxg2+ 40. Rxg2 Rxg2 41. Qxa4 Qd5 42. Qe8 Rxa2 43. Rg1 Ra8 44. Qe5+ Qxe5 45.
dxe5 Ra5 46. f4 Ne6 47. Nf6 Rg7 48. Rb1 Rga7 49. Rg1 Rg7 50. Rb1 Rga7 51. Rb8+
Kg7 52. Ne8+ Kg6 53. Nd6 Ng7 54. Ke4 Ra4+ 55. c4 Ra1 56. f5+ Nxf5 57. Nxf5 Re1+
58. Ne3 Ra3 59. Rg8+ Kf7 60. Rg3 Ke6 61. Rg6+ Ke7 62. Rg3 Ke6 63. Kd4 Rh1 64.
Rg6+ Kf7 65. Rf6+ Ke8 66. Nd5 Rd1+ 67. Kc5 Ra5+ 68. Kc6 Ra6+ 69. Nb6 Re1 70.
Kb5 Ra2 71. e6 Rxh2 72. Kc5 Rc1 73. Rg6 Rh8 74. Kd5 1-0